The Boar's Head Theatre : (Record no. 77466)
[ view plain ]
| 000 -LEADER | |
|---|---|
| fixed length control field | 01275nam a2200385 a 4500 |
| 001 - CONTROL NUMBER | |
| control field | 77466 |
| 003 - CONTROL NUMBER IDENTIFIER | |
| rucl marc code | BD-RjUL |
| 005 - DATE AND TIME OF LATEST TRANSACTION | |
| control field | 20211209082956.0 |
| 008 - FIXED-LENGTH DATA ELEMENTS--GENERAL INFORMATION | |
| fixed length control field | 200922s1972 enke b 001 0 eng d |
| 020 ## - INTERNATIONAL STANDARD BOOK NUMBER | |
| International Standard Book Number | 071007252X |
| 035 ## - SYSTEM CONTROL NUMBER | |
| System control number | CURL 980072188340(Lc ) from rwhc1 |
| System control number | (BD-RjUL)77691 |
| 040 ## - CATALOGING SOURCE | |
| Original cataloging agency | BD-RjUL |
| Language of cataloging | eng |
| Transcribing agency | BD-RjUL |
| 041 ## - LANGUAGE CODE | |
| Language code of text/sound track or separate title | eng |
| 043 ## - GEOGRAPHIC AREA CODE | |
| Geographic area code | e-uk-en |
| 082 ## - DEWEY DECIMAL CLASSIFICATION NUMBER | |
| Classification number | 822.3 |
| Author mark and year | SIS 1972 |
| 092 ## - LOCALLY ASSIGNED DEWEY CALL NUMBER (OCLC) | |
| Classification number | D0500710163 |
| 100 1# - MAIN ENTRY--PERSONAL NAME | |
| Personal name | Sisson, Charles Jasper, |
| Dates associated with a name | 1885-1966. |
| 9 (RLIN) | 241528 |
| 245 14 - TITLE STATEMENT | |
| Title | The Boar's Head Theatre : |
| Remainder of title | an inn-yard theatre of the Elizabethan age / |
| Statement of responsibility, etc. | by C. J. Sisson ; edited by Stanley Wells |
| 260 ## - PUBLICATION, DISTRIBUTION, ETC. (IMPRINT) | |
| Place of publication, distribution, etc. | London : |
| Name of publisher, distributor, etc. | Routledge and Kegan Paul, |
| Date of publication, distribution, etc. | 1972 |
| 300 ## - PHYSICAL DESCRIPTION | |
| Pagination | xx, 100 p. : |
| Illustrations | plans ; |
| Size | 23 cm |
| 504 ## - BIBLIOGRAPHY, ETC. NOTE | |
| Bibliography, etc | Bibliography: p. 95-96 |
| 610 20 - SUBJECT ADDED ENTRY--CORPORATE NAME | |
| Corporate name or jurisdiction name as entry element | Boar's Head Playhouse (Whitechapel, London, England) |
| 700 1# - ADDED ENTRY--PERSONAL NAME | |
| Personal name | Wells, Stanley, |
| Dates associated with a name | 1930- |
| 942 ## - ADDED ENTRY ELEMENTS (KOHA) | |
| Source of classification or shelving scheme | Dewey Decimal Classification |
| Koha item type | Books |
| Lost status | Source of classification or shelving scheme | Damaged status | Not for loan | Collection code | Permanent Location | Current Location | Shelving location | Date acquired | Source of acquisition | Cost, normal purchase price | Total Checkouts | Full call number | Date last seen | Copy number | Koha item type |
|---|---|---|---|---|---|---|---|---|---|---|---|---|---|---|---|
| Dewey Decimal Classification | Non-fiction | Central Library, University of Rajshahi | Central Library, University of Rajshahi | 11/07/1977 | Hiffer and sons | 2.25 | 822.3 SIS 1972 | 23/09/2020 | C-2 | Books |